00936nam a2200229 i 450000100060000000300090000600500170001500700030003200800410003513000400007624501310011626000490024730000220029649000560031870000310037470000330040571000350043883000640047385200310053799900170056895201210058533566ES-MaACL20230929062525.0t|030202s1970 sp ||||1| spa d0 aBiblia. pN.T. lEspañol.911929410aNuevo Testamento b: versión castellana de hacia 1260 / c[edición y estudio de Thomas Montgomery y Spuergeon W. Baldwin]. aMadrid : bReal Academia Española, c1970. a657 p. ; c25 cm.1 aAnejos del Boletín de la Real Academia Española1 aMontgomery, Thomas.9826371 aBaldwin, Spuergeon W.9249172 aReal Academia Española963360 aAnejos del Boletín de la Real Academia Española9180902 aES-MaACLjE-6604 bR.90834 c33566d33566 00104070aATENEOMbATENEOMcDEPO2d2008-01-17eSCl0oE-6604p1034928r2023-02-23 00:00:00w2023-02-23yMONOGRAFIA